| 000 | 00660nam a2200193 a 4500 | ||
|---|---|---|---|
| 008 | |||
| 020 | _a9282010929 (pbk.) | ||
| 049 | _aMAIN | ||
| 090 | _aLC5225.S64 | ||
| 245 | 1 | 0 |
_aAfrica and the democratic challenge : _ban essay on adult education for democracy and the culture of peace/ _cMarc-Laurent Hazoume. |
| 260 |
_aHamburg : _bUNESCO Institute for Education(UIE), _c1999. |
||
| 300 |
_aiv, 77 p. ; _c21 cm. |
||
| 504 | _aIncludes bibliographical references. | ||
| 907 |
_a.b10144092 _b12-05-05 _c17-12-04 |
||
| 999 |
_alocal mm _c156271 _d156271 |
||
| 003 | |||
| 005 | 20230123133901.0 | ||
| 040 | _cNUST | ||
| 942 |
_cBOOKS _kLC5225.S64 |
||